[Event "DEM U16w 2016"]
[Site "Willingen GER"]
[Date "2016.05.15"]
[Round "1"]
[White "Sieber, Fiona"]
[Black "Lange, Cecilia"]
[Result "1-0"]
[Termination "normal"]
[Board "1"]
[WhiteTitle "WFM"]
[WhiteElo "2236"]
[BlackElo "1841"]
[WhiteClock "00:04:28"]
[BlackClock "00:05:46"]
[PlyCount "147"]
[WhiteFideId "12902373"]
[BlackFideId "12976040"]
[EventCountry "GER"]
[EventRounds "9"]
[EventType "swiss"]
[EventDate "2016.05.14"]

1. e4 e6 2. d4 d5 3. Nd2 a6 4. Ngf3 c5 5. dxc5 Bxc5 6. Nb3 Be7 7. exd5 Qxd5 8.
Qxd5 exd5 9. Be3 Nf6 10. O-O-O Nc6 11. h3 Bf5 12. Nfd4 Bg6 13. Be2 Rc8 14. Nxc6
Rxc6 15. Nd4 Rc8 16. Rhe1 O-O 17. Bd3 Bxd3 18. Rxd3 Rfd8 19. Nf5 Bc5 20. Bxc5
Rxc5 21. Re7 Rdc8 22. c3 R5c7 23. Rxc7 Rxc7 24. f3 Kf8 25. g4 h6 26. Kd2 Rd7
27. a4 b6 28. Rd4 a5 29. Kc2 Ng8 30. Rd1 g6 31. Ne3 Ne7 32. Nc4 Nc8 33. b4 axb4
34. Ne3 bxc3 35. Rxd5 Rc7 36. Rd3 Rc5 37. Rxc3 Rxc3+ 38. Kxc3 Ke7 39. Nd5+ Kd6
40. Kc4 Kc6 41. Nb4+ Kd6 42. Nd3 Ke6 43. Kb5 Kd6 44. Nb2 Kc7 45. Nc4 Kb7 46.
Kb4 Kc7 47. Kb5 Kb7 48. f4 Na7+ 49. Kb4 Nc8 50. Kc3 Kc7 51. Kd4 Nd6 52. Ne5 g5
53. f5 f6 54. Nd3 Nc8 55. Nf2 Ne7 56. Ne4 Ng8 57. Kd5 Kd7 58. Kc4 Kc6 59. Nc3
Ne7 60. Kd4 Kc7 61. Kc4 Kc6 62. Kb4 Kc7 63. Kb5 Kb7 64. Ne4 Nd5 65. Kc4 Kc6 66.
Kd4 Nf4 67. Nxf6 Nxh3 68. Nd5 h5 69. f6 hxg4 70. f7 g3 71. f8=Q g2 72. Qf6+ Kd7
73. Qe7+ Kc8 74. Qc7# 1-0

[Event "DEM U16w 2016"]
[Site "Willingen GER"]
[Date "2016.05.15"]
[Round "1"]
[White "Kail, Sindy"]
[Black "Rogozenco, Teodora"]
[Result "1/2-1/2"]
[Termination "normal"]
[Board "2"]
[WhiteElo "1728"]
[BlackElo "2104"]
[WhiteClock "00:04:45"]
[BlackClock "00:06:13"]
[PlyCount "83"]
[WhiteFideId "12988502"]
[BlackFideId "12938084"]
[EventCountry "GER"]
[EventRounds "9"]
[EventType "swiss"]
[EventDate "2016.05.14"]

1. e4 e5 2. Nf3 Nc6 3. d4 exd4 4. Bc4 Nf6 5. O-O Nxe4 6. Re1 d5 7. Bxd5 Qxd5 8.
Nc3 Qh5 9. Nxe4 Be6 10. Neg5 O-O-O 11. Nxe6 fxe6 12. Rxe6 Bd6 13. Qd3 Rhf8 14.
h3 Ne5 15. Nxe5 Bxe5 16. Bd2 Kd7 17. g4 Qf7 18. Rxe5 Qxf2+ 19. Kh1 Rf3 20. Re3
Rxe3 21. Bxe3 Qxe3 22. Qxe3 dxe3 23. Re1 Re8 24. Kg2 g5 25. Kf3 Kd6 26. Rxe3
Rxe3+ 27. Kxe3 Ke5 28. c3 c6 29. Kf3 c5 30. a4 b6 31. Ke3 a6 32. Kf3 Kd5 33. b3
b5 34. axb5 axb5 35. Ke3 Ke5 36. Kf3 Kd5 37. Ke3 b4 38. cxb4 cxb4 39. Kd3 h6
40. Ke3 Ke5 41. Kd3 Kd5 42. Ke3 1/2-1/2

[Event "DEM U16w 2016"]
[Site "Willingen GER"]
[Date "2016.05.15"]
[Round "1"]
[White "Wächter, Nathalie"]
[Black "Ley, Sabrina"]
[Result "1-0"]
[Termination "normal"]
[Board "3"]
[WhiteElo "1974"]
[BlackElo "1816"]
[WhiteClock "00:01:29"]
[BlackClock "00:21:54"]
[PlyCount "49"]
[WhiteFideId "12921033"]
[BlackFideId "12938130"]
[EventCountry "GER"]
[EventRounds "9"]
[EventType "swiss"]
[EventDate "2016.05.14"]

1. d4 Nf6 2. c4 g6 3. Nc3 Bg7 4. e4 d6 5. Nf3 O-O 6. Be2 c5 7. d5 e6 8. Nd2 Re8
9. O-O Na6 10. Kh1 Nc7 11. Qc2 a6 12. a4 b6 13. f4 Rb8 14. Nb3 Qe7 15. e5 Nd7
16. Ne4 exd5 17. Nxd6 Rf8 18. cxd5 Nxd5 19. Bc4 Nc7 20. Qe2 Kh8 21. Nxc8 Rbxc8
22. Bd2 Nb8 23. Bc3 f6 24. exf6 Bxf6 25. Qxe7 1-0

[Event "DEM U16w 2016"]
[Site "Willingen GER"]
[Date "2016.05.15"]
[Round "1"]
[White "Diener, Carolin Valeria"]
[Black "Sanati, Charlotte"]
[Result "0-1"]
[Termination "normal"]
[Board "4"]
[WhiteElo "1740"]
[BlackElo "1915"]
[WhiteClock "00:29:26"]
[BlackClock "00:29:42"]
[PlyCount "90"]
[WhiteFideId "24699063"]
[BlackFideId "12907707"]
[EventCountry "GER"]
[EventRounds "9"]
[EventType "swiss"]
[EventDate "2016.05.14"]

1. e4 c5 2. Nf3 d6 3. Bb5+ Nd7 4. c3 Ngf6 5. d3 e6 6. O-O Be7 7. Re1 O-O 8. d4
a6 9. Ba4 b5 10. Bc2 Qc7 11. Nbd2 Bb7 12. Nf1 Rac8 13. Bd3 Nb6 14. Ng3 h6 15.
h3 Rfd8 16. Be3 Na4 17. Qc1 Qa5 18. Bd2 cxd4 19. Nxd4 Qb6 20. Bc2 Nc5 21. Nf3
b4 22. Rb1 a5 23. Re3 Ba6 24. Qe1 Rb8 25. Nd4 Rdc8 26. Nb3 Nfd7 27. Rf3 Ne5 28.
Re3 Bg5 29. Nxc5 dxc5 30. cxb4 Bxe3 31. Bxe3 axb4 32. Bf4 f6 33. Bxe5 fxe5 34.
Bd1 Bd3 35. Rc1 c4 36. Bf3 Qd4 37. b3 c3 38. Ne2 Qa7 39. Qd1 Rd8 40. Ra1 Rbc8
41. Qe1 Bxe2 42. Bxe2 Rd2 43. Bc4 Kf7 44. Qe3 Qxe3 45. fxe3 c2 0-1

[Event "DEM U16w 2016"]
[Site "Willingen GER"]
[Date "2016.05.15"]
[Round "1"]
[White "Köhler, Inken"]
[Black "Jörs, Pia-Milena"]
[Result "1-0"]
[Termination "normal"]
[Board "5"]
[WhiteElo "1968"]
[BlackElo "1568"]
[WhiteClock "00:27:20"]
[BlackClock "00:24:06"]
[PlyCount "91"]
[WhiteFideId "12929301"]
[BlackFideId "12964646"]
[EventCountry "GER"]
[EventRounds "9"]
[EventType "swiss"]
[EventDate "2016.05.14"]

1. e4 c6 2. d4 d5 3. exd5 cxd5 4. Bd3 Nc6 5. c3 Qc7 6. Ne2 Bg4 7. Na3 a6 8. Nc2
e6 9. f3 Bh5 10. Bf4 e5 11. dxe5 Nxe5 12. Ne3 Rd8 13. Bc2 Ne7 14. Qd4 N7c6 15.
Bxe5 Qxe5 16. Qxe5+ Nxe5 17. O-O-O Bc5 18. Nxd5 O-O 19. Ng3 Bg6 20. Ne4 Bxe4
21. Bxe4 a5 22. Kc2 b5 23. b4 axb4 24. cxb4 Bd6 25. Kb3 Nc4 26. Nc3 Rb8 27. Bc6
Bf4 28. Bxb5 Ne3 29. Rd2 Rfc8 30. a4 g6 31. g3 Be5 32. Rd3 Nf5 33. Rhd1 Kg7 34.
Bd7 Rc7 35. Nb5 Rcb7 36. f4 Bf6 37. g4 Nh4 38. Bc6 Rb6 39. Bd5 g5 40. f5 Re8
41. R1d2 Re1 42. Nc3 Be7 43. b5 Rb8 44. Re2 Rxe2 45. Nxe2 Ng2 46. Bxg2 1-0

[Event "DEM U16w 2016"]
[Site "Willingen GER"]
[Date "2016.05.15"]
[Round "1"]
[White "Schilay, Eva"]
[Black "Leser, Katrin"]
[Result "0-1"]
[Termination "normal"]
[Board "6"]
[WhiteElo "1540"]
[BlackElo "1894"]
[WhiteClock "00:04:13"]
[BlackClock "00:05:04"]
[PlyCount "72"]
[WhiteFideId "12930164"]
[BlackFideId "12997692"]
[EventCountry "GER"]
[EventRounds "9"]
[EventType "swiss"]
[EventDate "2016.05.14"]

1. Nc3 e5 2. Nf3 Nc6 3. d4 exd4 4. Nxd4 d5 5. Bf4 a6 6. a3 Nf6 7. g3 Bc5 8.
Nxc6 bxc6 9. Bg2 O-O 10. O-O Bf5 11. Re1 Ng4 12. e3 g5 13. h3 gxf4 14. hxg4
fxe3 15. fxe3 Bg6 16. b4 Ba7 17. Kh2 Qd6 18. e4 Bf2 19. Qf3 Bxe1 20. Rxe1 Rfe8
21. Re2 d4 22. Nd1 a5 23. Qb3 axb4 24. axb4 Rab8 25. Nf2 Rxb4 26. Qd3 Ra4 27.
Rd2 Ra3 28. Qxd4 Qxg3+ 29. Kg1 Rea8 30. Rd1 Rc3 31. Rc1 Ra2 32. Qd8+ Kg7 33. g5
Qd6 34. Qb8 Rcxc2 35. Rxc2 Ra1+ 36. Bf1 Qg3+ 0-1

[Event "DEM U16w 2016"]
[Site "Willingen GER"]
[Date "2016.05.15"]
[Round "1"]
[White "Simon, Tessa"]
[Black "ter Stal, Esther"]
[Result "1-0"]
[Termination "normal"]
[Board "7"]
[WhiteElo "1927"]
[BlackElo "1597"]
[PlyCount "55"]
[WhiteFideId "12929395"]
[BlackFideId "12944467"]
[EventCountry "GER"]
[EventRounds "9"]
[EventType "swiss"]
[EventDate "2016.05.14"]

1. e4 c6 2. d4 d5 3. exd5 cxd5 4. c4 Nf6 5. Nc3 Nc6 6. Bg5 dxc4 7. d5 Ne5 8.
Qd4 h6 9. Bf4 Ng6 10. Bxc4 Nxf4 11. Qxf4 Bd7 12. Nf3 Rc8 13. Bb3 Qc7 14. Qe3
Qc5 15. Qe2 b5 16. Ne5 b4 17. Nxd7 Nxd7 18. Ne4 Qb6 19. O-O g6 20. d6 Qd8 21.
dxe7 Bxe7 22. Nd6+ Kf8 23. Nxf7 Qb6 24. Nxh8 Qf6 25. Qd2 Qxh8 26. Qxd7 Rd8 27.
Qe6 Qg7 28. Rad1 1-0

[Event "DEM U16w 2016"]
[Site "Willingen GER"]
[Date "2016.05.15"]
[Round "1"]
[White "Sauer, Annika"]
[Black "Reinecke, Katharina"]
[Result "0-1"]
[Termination "normal"]
[Board "8"]
[WhiteElo "1596"]
[BlackElo "1842"]
[PlyCount "72"]
[WhiteFideId "12952052"]
[BlackFideId "12929727"]
[EventCountry "GER"]
[EventRounds "9"]
[EventType "swiss"]
[EventDate "2016.05.14"]

1. d4 c5 2. e3 cxd4 3. exd4 d5 4. Nf3 Bf5 5. Bd3 Bxd3 6. Qxd3 Nc6 7. Bf4 Nf6 8.
Nbd2 e6 9. c3 Be7 10. O-O O-O 11. Rfe1 Nh5 12. Qe3 Nxf4 13. Qxf4 b5 14. a3 a5
15. Qe3 Qb6 16. b3 Rfc8 17. Rec1 Rc7 18. c4 dxc4 19. bxc4 bxc4 20. Nxc4 Qa7 21.
Qe4 Rac8 22. h3 a4 23. d5 exd5 24. Qxd5 Na5 25. Nfd2 Rc5 26. Qd3 Qc7 27. Qe2
Bf8 28. Kf1 Nxc4 29. Nxc4 Rxc4 30. Qxc4 Qxc4+ 31. Rxc4 Rxc4 32. Ke1 Rc3 33. Kd2
Rxa3 34. Rxa3 Bxa3 35. Kc2 f5 36. f3 Kf7 0-1

[Event "DEM U16w 2016"]
[Site "Willingen GER"]
[Date "2016.05.15"]
[Round "1"]
[White "Sewald, Kathrin"]
[Black "Habersetzer, Elyse"]
[Result "1-0"]
[Termination "time forfeit"]
[Board "9"]
[WhiteElo "1789"]
[BlackElo "1638"]
[PlyCount "77"]
[WhiteFideId "12964557"]
[BlackFideId "16222288"]
[EventCountry "GER"]
[EventRounds "9"]
[EventType "swiss"]
[EventDate "2016.05.14"]

1. e4 e6 2. f4 d5 3. e5 Ne7 4. d4 Nf5 5. Nf3 c5 6. c3 Bd7 7. Be2 Nc6 8. a4 Qb6
9. g4 Nh6 10. h3 a6 11. O-O f6 12. Kg2 Rg8 13. a5 Qc7 14. Bd3 f5 15. dxc5 Bxc5
16. b4 Be7 17. Be3 g6 18. g5 Nf7 19. h4 Na7 20. Nd4 Nd8 21. Qe2 Ndc6 22. Nb3
Nd8 23. Bb6 Qb8 24. Na3 Bc6 25. Nd4 Qc8 26. b5 axb5 27. Naxb5 Nxb5 28. Nxb5 Kf7
29. Nc7 Rb8 30. Kg3 Bd7 31. h5 Nc6 32. c4 dxc4 33. Bxc4 Nb4 34. Rfd1 Nc6 35.
Qa2 gxh5 36. Rxd7 Qxd7 37. Bxe6+ Qxe6 38. Qxe6+ Kg7 39. Nd5 1-0

[Event "DEM U16w 2016"]
[Site "Willingen GER"]
[Date "2016.05.15"]
[Round "1"]
[White "Christiansen, Anna"]
[Black "Moses, Selina"]
[Result "0-1"]
[Termination "normal"]
[Board "10"]
[WhiteElo "1503"]
[BlackElo "1767"]
[PlyCount "74"]
[WhiteFideId "12952230"]
[BlackFideId "12908070"]
[EventCountry "GER"]
[EventRounds "9"]
[EventType "swiss"]
[EventDate "2016.05.14"]

1. e4 c5 2. Nc3 Nc6 3. f4 g6 4. Nf3 Bg7 5. Bb5 Nd4 6. Nxd4 cxd4 7. Ne2 Nf6 8.
e5 Nd5 9. Bc4 Nb6 10. Bb3 d6 11. exd6 Qxd6 12. d3 O-O 13. O-O Bd7 14. Ng3 e6
15. Ne4 Qe7 16. Qe1 Bc6 17. Ng3 Qc7 18. c3 dxc3 19. bxc3 Bb5 20. Bd2 Bxd3 21.
Rf3 Rad8 22. Rc1 Bc4 23. Kh1 Bd5 24. Rf2 Nc4 25. Be3 Nxe3 26. Qxe3 b6 27. Rd2
Bb7 28. Rxd8 Rxd8 29. Ne2 Qc6 30. Rg1 Rc8 31. c4 Rd8 32. h3 Bf8 33. Qg3 Bc5 34.
Rd1 Rxd1+ 35. Bxd1 Qd6 36. Bb3 Qd2 37. Qg4 h5 0-1

[Event "DEM U16w 2016"]
[Site "Willingen GER"]
[Date "2016.05.15"]
[Round "1"]
[White "Halas, Julia"]
[Black "Weiten, Anna"]
[Result "1-0"]
[Termination "normal"]
[Board "11"]
[WhiteElo "1880"]
[BlackElo "1415"]
[PlyCount "105"]
[WhiteFideId "12931810"]
[BlackFideId "12938203"]
[EventCountry "GER"]
[EventRounds "9"]
[EventType "swiss"]
[EventDate "2016.05.14"]

1. d4 d5 2. c4 e6 3. Nc3 Nf6 4. Bg5 Be7 5. e3 O-O 6. Qc2 c5 7. Nf3 Nc6 8. Rd1
b6 9. cxd5 Nxd5 10. Bxe7 Ncxe7 11. dxc5 bxc5 12. Nxd5 Nxd5 13. Qxc5 Qb6 14.
Qxb6 Nxb6 15. Be2 Bb7 16. O-O Rac8 17. Rd2 h6 18. h3 Na4 19. Nd4 Rfd8 20. Rfd1
a6 21. f4 Nc5 22. Rc2 Ne4 23. Rdc1 Rxc2 24. Rxc2 Rd7 25. g4 a5 26. Bb5 Re7 27.
Nb3 Bd5 28. Rc8+ Kh7 29. Nxa5 Bxa2 30. Bd3 Bd5 31. Rb8 Ra7 32. b4 g6 33. Bc2
Nd6 34. Rb6 Ne4 35. Nc6 Bxc6 36. Rxc6 Nf6 37. e4 Nd7 38. Kf2 Rb7 39. Rc4 Kg7
40. Ke3 Kf8 41. Kd2 Ke7 42. Kc3 Rb8 43. Rc7 Kd6 44. Ra7 g5 45. e5+ Ke7 46. Ba4
Rd8 47. f5 exf5 48. gxf5 h5 49. Kd4 g4 50. hxg4 hxg4 51. Ke3 f6 52. e6 Kd6 53.
Rxd7+ 1-0

[Event "DEM U16w 2016"]
[Site "Willingen GER"]
[Date "2016.05.15"]
[Round "1"]
[White "Gläser, Anne"]
[Black "Hartmann, Cora"]
[Result "0-1"]
[Termination "normal"]
[Board "12"]
[WhiteElo "1304"]
[BlackElo "1828"]
[PlyCount "108"]
[WhiteFideId "16208765"]
[BlackFideId "16200764"]
[EventCountry "GER"]
[EventRounds "9"]
[EventType "swiss"]
[EventDate "2016.05.14"]

1. e4 e5 2. Nf3 Nc6 3. Bc4 Bc5 4. c3 Nf6 5. d3 a6 6. Bb3 d6 7. Nbd2 O-O 8. O-O
Ba7 9. h3 Ne7 10. Re1 Ng6 11. Nf1 h6 12. d4 Re8 13. Ng3 b5 14. d5 Nh7 15. Nf5
Ne7 16. Bc2 Nxf5 17. exf5 Nf6 18. Nh2 Nh7 19. Qg4 Kh8 20. Qe4 Nf6 21. Qd3 e4
22. Qd1 Bxf5 23. Be3 Bxe3 24. Rxe3 Bg6 25. Qd4 Re5 26. Rae1 Rxd5 27. Qb4 Re5
28. c4 bxc4 29. Qxc4 d5 30. Qc6 Re6 31. Qa4 Qe8 32. Qd4 Rc8 33. Ba4 Qe7 34. Rd1
c5 35. Qd2 d4 36. Rb3 e3 37. Qe2 c4 38. Ra3 d3 39. Qf3 e2 40. Rb1 e1=Q+ 41.
Rxe1 Rxe1+ 42. Nf1 Qe2 43. Kh2 Qxf3 44. gxf3 Rxf1 45. Rc3 d2 46. Kg2 d1=Q 47.
Bxd1 Rxd1 48. Kg3 Rd2 49. b3 Rxa2 50. bxc4 Ra4 51. c5 Rc6 52. Rc1 Ra5 53. Rd1
Raxc5 54. Rd8+ Kh7 0-1

[Event "DEM U16w 2016"]
[Site "Willingen GER"]
[Date "2016.05.15"]
[Round "1"]
[White "Ratay, Meike"]
[Black "Duan, Muxi"]
[Result "1-0"]
[Termination "normal"]
[Board "13"]
[WhiteElo "1688"]
[BlackElo "1246"]
[PlyCount "109"]
[WhiteFideId "12977608"]
[BlackFideId "12971960"]
[EventCountry "GER"]
[EventRounds "9"]
[EventType "swiss"]
[EventDate "2016.05.14"]

1. e4 e5 2. Nf3 Nc6 3. Bc4 Nf6 4. Nc3 Be7 5. d4 Nxd4 6. Nxe5 Ne6 7. O-O d6 8.
Nd3 Nd7 9. f4 c6 10. Be3 O-O 11. a4 Nb6 12. Ba2 d5 13. exd5 cxd5 14. Bxb6 Qxb6+
15. Kh1 Nc7 16. Nxd5 Nxd5 17. Bxd5 Rd8 18. Bb3 Bf5 19. Bc4 Rac8 20. b3 Qg6 21.
Qe2 Bf6 22. Rac1 Bc3 23. Qf3 Bxd3 24. Bxd3 Qb6 25. Be4 Rc7 26. Rcd1 Re8 27. Rd3
Bf6 28. Rfd1 Rce7 29. Re1 Qb4 30. Rde3 Bd4 31. c3 Bxc3 32. Rxc3 g6 33. h3 Rxe4
34. Rxe4 Rxe4 35. Rc8+ Kg7 36. Qc3+ Qxc3 37. Rxc3 Re1+ 38. Kh2 Rb1 39. Kg3 h5
40. Kf3 h4 41. Kg4 Rg1 42. Kxh4 Rxg2 43. Rc7 b6 44. Rxa7 Rb2 45. Rb7 Rxb3 46.
a5 Ra3 47. axb6 Rb3 48. Rb8 Rb4 49. Kg4 Rb5 50. b7 f6 51. Kf3 g5 52. fxg5 fxg5
53. Kg4 Kg6 54. Rg8+ Kf6 55. b8=Q 1-0

[Event "DEM U16w 2016"]
[Site "Willingen GER"]
[Date "2016.05.15"]
[Round "2"]
[White "Reinecke, Katharina"]
[Black "Sieber, Fiona"]
[Result "0-1"]
[Termination "normal"]
[Board "1"]
[BlackTitle "WFM"]
[WhiteElo "1842"]
[BlackElo "2236"]
[WhiteClock "00:01:05"]
[BlackClock "00:04:28"]
[PlyCount "72"]
[WhiteFideId "12929727"]
[BlackFideId "12902373"]
[EventCountry "GER"]
[EventRounds "9"]
[EventType "swiss"]
[EventDate "2016.05.14"]

1. d4 Nf6 2. c4 g6 3. g3 d5 4. cxd5 Nxd5 5. Nf3 Bg7 6. Bg2 Nb6 7. Nc3 Nc6 8. e3
O-O 9. O-O Re8 10. Nh4 e5 11. d5 Na5 12. Rb1 e4 13. Nxe4 Nxd5 14. Qa4 Nc6 15.
Rd1 Be6 16. Nc5 Qe7 17. Nxb7 Nd8 18. Na5 Nb6 19. Qc2 Rc8 20. Nc6 Nxc6 21. Bxc6
Red8 22. Bd2 Bxa2 23. Rbc1 Qe6 24. Bb7 Rb8 25. Bb4 Nd5 26. Bxd5 Bxd5 27. Bc3
Bb3 28. Rxd8+ Rxd8 29. Qe2 Bxc3 30. bxc3 Qe4 31. f3 Qd5 32. e4 Qc5+ 33. Kg2 a5
34. f4 a4 35. Nf3 a3 36. Nd4 Rxd4 0-1

[Event "DEM U16w 2016"]
[Site "Willingen GER"]
[Date "2016.05.15"]
[Round "2"]
[White "Moses, Selina"]
[Black "Wächter, Nathalie"]
[Result "1-0"]
[Termination "normal"]
[Board "2"]
[WhiteElo "1767"]
[BlackElo "1974"]
[WhiteClock "00:41:34"]
[BlackClock "00:01:29"]
[PlyCount "57"]
[WhiteFideId "12908070"]
[BlackFideId "12921033"]
[EventCountry "GER"]
[EventRounds "9"]
[EventType "swiss"]
[EventDate "2016.05.14"]

1. e4 e5 2. Nf3 Nc6 3. Bb5 a6 4. Bxc6 dxc6 5. O-O Bg4 6. h3 h5 7. d3 Qf6 8.
Nbd2 Ne7 9. Re1 Bxf3 10. Qxf3 O-O-O 11. Qg3 Ng6 12. Nc4 Qe6 13. Bd2 Be7 14. b4
Bh4 15. Qf3 Ne7 16. Ne3 Bg5 17. Bc3 Rh6 18. Nf5 Rh7 19. Nxe7+ Bxe7 20. Qf5 Qxf5
21. exf5 f6 22. f4 Bd6 23. fxe5 fxe5 24. Re4 Rf8 25. Rf1 Re8 26. Rfe1 Rf8 27.
Bxe5 Bxb4 28. Rxb4 Rxf5 29. Rf4 1-0

[Event "DEM U16w 2016"]
[Site "Willingen GER"]
[Date "2016.05.15"]
[Round "2"]
[White "Sanati, Charlotte"]
[Black "Simon, Tessa"]
[Result "0-1"]
[Termination "normal"]
[Board "3"]
[WhiteElo "1915"]
[BlackElo "1927"]
[WhiteClock "00:00:36"]
[BlackClock "00:00:46"]
[PlyCount "80"]
[WhiteFideId "12907707"]
[BlackFideId "12929395"]
[EventCountry "GER"]
[EventRounds "9"]
[EventType "swiss"]
[EventDate "2016.05.14"]

1. e4 e5 2. Nf3 Nc6 3. Bb5 a6 4. Ba4 Nf6 5. d3 Bc5 6. O-O b5 7. Bb3 d6 8. h3
Na5 9. c3 Nxb3 10. axb3 O-O 11. Re1 Re8 12. Bg5 h6 13. Be3 Bxe3 14. Rxe3 Bb7
15. Nbd2 d5 16. Qc2 dxe4 17. dxe4 Nh5 18. b4 Nf4 19. Nb3 Qf6 20. Kh2 Bc8 21.
Rd1 Qg6 22. Ne1 Qh5 23. Rg3 Be6 24. Nc5 Bc4 25. Ned3 Bxd3 26. Nxd3 Re6 27. Nxf4
exf4 28. Rgd3 Rae8 29. f3 Qh4 30. Rd7 Qg3+ 31. Kh1 f5 32. Rd8 fxe4 33. fxe4 f3
34. Rxe8+ Rxe8 35. gxf3 Qxh3+ 36. Kg1 Qxf3 37. Qb3+ Kh7 38. Rf1 Qg3+ 39. Kh1
Re5 40. Rf5 Rxe4 0-1

[Event "DEM U16w 2016"]
[Site "Willingen GER"]
[Date "2016.05.15"]
[Round "2"]
[White "Hartmann, Cora"]
[Black "Köhler, Inken"]
[Result "0-1"]
[Termination "normal"]
[Board "4"]
[WhiteElo "1828"]
[BlackElo "1968"]
[WhiteClock "00:01:32"]
[BlackClock "00:09:20"]
[PlyCount "84"]
[WhiteFideId "16200764"]
[BlackFideId "12929301"]
[EventCountry "GER"]
[EventRounds "9"]
[EventType "swiss"]
[EventDate "2016.05.14"]

1. e4 c5 2. Nf3 e6 3. d3 Nc6 4. g3 d6 5. Bg2 g6 6. O-O Bg7 7. Nbd2 Nge7 8. Re1
O-O 9. Nf1 Rb8 10. c3 d5 11. e5 d4 12. c4 Qc7 13. Bf4 b5 14. b3 bxc4 15. bxc4
Rb2 16. N1d2 Nb4 17. Ne4 Rxa2 18. Rxa2 Nxa2 19. Qb3 Nb4 20. Rb1 a5 21. Ra1 Bb7
22. Qa4 Bxe4 23. dxe4 Ra8 24. Nd2 Qc6 25. Qxc6 Nexc6 26. Nb3 Bf8 27. Ra4 Nd3
28. Bd2 Nb2 29. Ra1 Nxc4 30. Be1 a4 31. Bf1 N4xe5 32. f4 Nf3+ 33. Kf2 Nxe1 34.
Kxe1 Nb4 35. Kd2 axb3 36. Rxa8 b2 37. Bd3 Nxd3 38. Kc2 c4 39. Rd8 c3 40. Rxd4
Ne1+ 41. Kb1 c2+ 42. Kxb2 Ba3+ 0-1

[Event "DEM U16w 2016"]
[Site "Willingen GER"]
[Date "2016.05.15"]
[Round "2"]
[White "Leser, Katrin"]
[Black "Sewald, Kathrin"]
[Result "1-0"]
[Termination "normal"]
[Board "5"]
[WhiteElo "1894"]
[BlackElo "1789"]
[WhiteClock "00:28:45"]
[BlackClock "00:30:35"]
[PlyCount "87"]
[WhiteFideId "12997692"]
[BlackFideId "12964557"]
[EventCountry "GER"]
[EventRounds "9"]
[EventType "swiss"]
[EventDate "2016.05.14"]

1. e4 e5 2. Nf3 Nc6 3. d4 exd4 4. Nxd4 g6 5. Nxc6 bxc6 6. Qd4 Qf6 7. e5 Qe6 8.
Bc4 d5 9. Be2 Bg7 10. Bf4 f6 11. exf6 Bxf6 12. Qb4 a5 13. Qb3 Qe4 14. Bc1 Qxg2
15. Qe3+ Kf7 16. Bf3 Qh3 17. Nd2 Bd7 18. Be2 Re8 19. Qxh3 Bxh3 20. Rg1 Bf5 21.
Kd1 Bxc2+ 22. Kxc2 Rxe2 23. Rf1 Nh6 24. Kd3 Rhe8 25. h3 Nf5 26. Rb1 Bd4 27. Nb3
Bxf2 28. Nxa5 c5 29. b3 Ng3 30. Rd1 c4+ 31. bxc4 dxc4+ 32. Kxc4 R2e4+ 33. Kb3
R8e5 34. Bd2 Bb6 35. Nb7 Rd5 36. Bb4 Red4 37. Kc2 c5 38. Rxd4 Rxd4 39. Bc3 Bc7
40. Bxd4 cxd4 41. Nc5 Bd6 42. Nd3 Nf5 43. Rb7+ Kg8 44. a4 1-0

[Event "DEM U16w 2016"]
[Site "Willingen GER"]
[Date "2016.05.15"]
[Round "2"]
[White "Rogozenco, Teodora"]
[Black "Halas, Julia"]
[Result "1-0"]
[Termination "normal"]
[Board "6"]
[WhiteElo "2104"]
[BlackElo "1880"]
[WhiteClock "00:19:38"]
[BlackClock "00:18:08"]
[PlyCount "91"]
[WhiteFideId "12938084"]
[BlackFideId "12931810"]
[EventCountry "GER"]
[EventRounds "9"]
[EventType "swiss"]
[EventDate "2016.05.14"]

1. d4 Nf6 2. c4 g6 3. g3 Bg7 4. Bg2 c6 5. Nf3 d5 6. Nbd2 O-O 7. O-O Re8 8. Re1
Nbd7 9. e4 dxe4 10. Nxe4 Nxe4 11. Rxe4 e5 12. dxe5 Nxe5 13. Qxd8 Nxf3+ 14. Bxf3
Rxd8 15. Bg5 Bf5 16. Re2 Re8 17. Rd2 h6 18. Be3 Rad8 19. Rad1 Rxd2 20. Rxd2 Be6
21. b3 a6 22. Kg2 Re7 23. Rd8+ Kh7 24. h3 Rd7 25. Re8 Bf6 26. Bg4 Rd8 27. Rxd8
Bxd8 28. Bxe6 fxe6 29. Kf3 g5 30. Ke4 Bc7 31. Bd4 Kg6 32. Be5 Bd8 33. Bd6 Bf6
34. Be5 Bd8 35. g4 h5 36. f3 hxg4 37. hxg4 Be7 38. Kd4 Kf7 39. Bc7 Kf6 40. Be5+
Kf7 41. Bc7 Kf6 42. Ke4 b5 43. a4 bxa4 44. bxa4 Kg6 45. Ke5 Kf7 46. Ba5 1-0

[Event "DEM U16w 2016"]
[Site "Willingen GER"]
[Date "2016.05.15"]
[Round "2"]
[White "Duan, Muxi"]
[Black "Kail, Sindy"]
[Result "0-1"]
[Termination "normal"]
[Board "7"]
[WhiteElo "1246"]
[BlackElo "1728"]
[PlyCount "82"]
[WhiteFideId "12971960"]
[BlackFideId "12988502"]
[EventCountry "GER"]
[EventRounds "9"]
[EventType "swiss"]
[EventDate "2016.05.14"]

1. e4 c5 2. Nf3 d6 3. d4 cxd4 4. Nxd4 Nf6 5. Nc3 a6 6. Bg5 e6 7. Bd3 Be7 8. O-O
Nc6 9. Nf3 O-O 10. Re1 Qc7 11. Re2 b5 12. Rd2 Bb7 13. Ne2 Rac8 14. c3 Rfd8 15.
Rc1 h6 16. Bf4 Nh5 17. Be3 Na5 18. b3 Nf6 19. Ng3 Ng4 20. Nf1 Nxe3 21. Nxe3 Bf6
22. Rdc2 Nc6 23. Nd4 Qa5 24. Nxc6 Rxc6 25. c4 b4 26. Qe2 Rc7 27. Nd1 Bg5 28.
Rb1 d5 29. cxd5 Rxc2 30. Bxc2 exd5 31. exd5 Qxd5 32. Ne3 Re8 33. Nxd5 Rxe2 34.
Nxb4 a5 35. Bd3 Rd2 36. Re1 g6 37. Bc4 axb4 38. h3 Rxa2 39. Re8+ Kg7 40. Re5
Ra1+ 41. Bf1 Ba6 0-1

[Event "DEM U16w 2016"]
[Site "Willingen GER"]
[Date "2016.05.15"]
[Round "2"]
[White "Lange, Cecilia"]
[Black "Ratay, Meike"]
[Result "1/2-1/2"]
[Termination "normal"]
[Board "8"]
[WhiteElo "1841"]
[BlackElo "1688"]
[PlyCount "59"]
[WhiteFideId "12976040"]
[BlackFideId "12977608"]
[EventCountry "GER"]
[EventRounds "9"]
[EventType "swiss"]
[EventDate "2016.05.14"]

1. e4 e5 2. Nf3 Nc6 3. Bb5 Bc5 4. c3 Qf6 5. d3 h6 6. Nbd2 Nge7 7. b4 Bb6 8. Nc4
O-O 9. O-O Rd8 10. Re1 d5 11. exd5 Rxd5 12. Nxb6 axb6 13. c4 Rd8 14. Bb2 Bg4
15. Re3 Nd4 16. Bxd4 Rxd4 17. h3 Bxf3 18. Rxf3 Qd6 19. Qb3 c5 20. bxc5 bxc5 21.
Rc1 Rd8 22. Ba4 b6 23. Rc3 Ng6 24. g3 Nf8 25. Qb1 Ne6 26. h4 Rg4 27. Bd1 Rg6
28. Re3 Nd4 29. Ra3 Nf5 30. Re4 1/2-1/2

[Event "DEM U16w 2016"]
[Site "Willingen GER"]
[Date "2016.05.15"]
[Round "2"]
[White "Ley, Sabrina"]
[Black "Sauer, Annika"]
[Result "1-0"]
[Termination "normal"]
[Board "9"]
[WhiteElo "1816"]
[BlackElo "1596"]
[PlyCount "65"]
[WhiteFideId "12938130"]
[BlackFideId "12952052"]
[EventCountry "GER"]
[EventRounds "9"]
[EventType "swiss"]
[EventDate "2016.05.14"]

1. c4 c5 2. Nc3 Nc6 3. g3 d6 4. Bg2 Nf6 5. e4 e6 6. Nge2 Bd7 7. d3 a6 8. O-O
Rb8 9. a4 Nb4 10. h3 Be7 11. d4 cxd4 12. Nxd4 Qc7 13. b3 O-O 14. Be3 Rfd8 15.
Rc1 Nc6 16. Qd2 Nxd4 17. Qxd4 Qc5 18. Rfd1 Qxd4 19. Bxd4 Bc6 20. Bb6 Rd7 21. b4
Bd8 22. Ba7 Ra8 23. Be3 b6 24. Rd2 Rb8 25. b5 axb5 26. axb5 Bb7 27. f3 Bc7 28.
Rcd1 Rbd8 29. Na4 Ne8 30. Nxb6 Bxb6 31. Bxb6 Rc8 32. Bf1 Kf8 33. c5 1-0